[Event "Koege Lang Jubilaeum Weekend Grp4 2022"]
[Site "Koge"]
[Date "2022.07.08"]
[Round "5"]
[White "Henriksen, Niels Sewerin"]
[Black "Skarved, Mattias"]
[Result "0-1"]
[WhiteElo "1325"]
[BlackElo "1470"]
[PlyCount "92"]
[EventDate "2022.07.06"]
[EventType "swiss"]
[EventRounds "9"]
[EventCountry "DEN"]

1. c4 f5 2. Nc3 Nf6 3. g3 g6 4. d4 Bg7 5. Bg5 O-O 6. Bg2 c6 7. Nf3 d6 8. Qb3
Nbd7 9. O-O-O Qb6 10. Qc2 Re8 11. Na4 Qc7 12. Nc3 Rb8 13. e4 Nxe4 14. Nxe4 fxe4
15. Qxe4 Nb6 16. Qd3 Bf5 17. Qb3 Nd7 18. Rhe1 Nf6 19. Nh4 Qd7 20. Nxf5 Qxf5 21.
Bf4 e5 22. dxe5 dxe5 23. Be3 Qc8 24. Bxa7 Ra8 25. Be3 Ng4 26. Bc5 Qc7 27. h3
Nh6 28. a3 Rac8 29. Bd6 Qf7 30. Bf3 b5 31. Qe3 Nf5 32. Qc5 Nxd6 33. Rxd6 Qxf3
34. Kb1 Qf5+ 35. Ka2 Bf8 36. Re2 Bxd6 37. Qxd6 bxc4 38. Qc5 Qe6 39. Ka1 Qd5 40.
Qe3 Qd3 41. Re1 e4 42. h4 Rb8 43. g4 Qc2 44. Rb1 Rb3 45. Qe1 Qd3 46. h5 Rxa3+
0-1

[Event "Koege Lang Jubilaeum Weekend Grp4 2022"]
[Site "Koge"]
[Date "2022.07.08"]
[Round "6"]
[White "Meldal, Peter"]
[Black "Meskeniene, Virginija"]
[Result "1/2-1/2"]
[WhiteElo "1322"]
[BlackElo "1582"]
[PlyCount "61"]
[EventDate "2022.07.06"]
[EventType "swiss"]
[EventRounds "9"]
[EventCountry "DEN"]

1. e4 c5 2. Nf3 Nc6 3. Bb5 d6 4. O-O g6 5. Nc3 Bg7 6. d3 Nf6 7. Re1 Bg4 8. h3
Bxf3 9. Qxf3 Nd7 10. Bg5 Nd4 11. Bxd7+ Qxd7 12. Qd1 O-O 13. Rb1 e6 14. Ne2 Nc6
15. c3 f5 16. exf5 Rf7 17. f6 Rxf6 18. Bf4 Rf5 19. Be3 Raf8 20. Ng3 R5f7 21. h4
h5 22. Qc2 Ne5 23. f3 b6 24. Ne4 Rc8 25. Rbd1 d5 26. Ng5 Rf6 27. Qd2 Rcf8 28.
d4 Nc4 29. Qf2 Nxe3 30. Rxe3 cxd4 31. Rxd4 1/2-1/2

[Event "Koege Lang Jubilaeum Weekend Grp4 2022"]
[Site "Koge"]
[Date "2022.07.08"]
[Round "6"]
[White "Tolba, Henri"]
[Black "Chaudhury, Anmay Kumar"]
[Result "0-1"]
[WhiteElo "1612"]
[BlackElo "1700"]
[PlyCount "98"]
[EventDate "2022.07.06"]
[EventType "swiss"]
[EventRounds "9"]
[EventCountry "DEN"]

1. e4 c5 2. d4 cxd4 3. c3 dxc3 4. Nxc3 d6 5. Bc4 Nf6 6. Nf3 e6 7. Qe2 Be7 8.
Bf4 e5 9. Bg5 O-O 10. O-O Nc6 11. Rfd1 Bg4 12. h3 Nd4 13. Qd3 Nxf3+ 14. gxf3
Bxh3 15. f4 Qc8 16. f5 Bg4 17. Rdc1 Qd8 18. Qg3 Bh5 19. Bxf6 Bxf6 20. Qh3 g6
21. Kh2 Qb6 22. Qg3 Bg7 23. Nd5 Qd8 24. Rg1 Rc8 25. Bb3 Kh8 26. Rac1 Bh6 27.
Rxc8 Qxc8 28. Qh4 Qd8 29. f6 Qc8 30. Bd1 Bf4+ 31. Nxf4 Bxd1 32. Qh6 Rg8 33.
Nxg6+ fxg6 34. Rxd1 Qe6 35. Qh4 Rf8 36. Rc1 Qxf6 37. Qxf6+ Rxf6 38. Kg3 Kg7 39.
Rc7+ Rf7 40. Rc3 Kf6 41. f4 exf4+ 42. Kxf4 h5 43. b4 g5+ 44. Ke3 Ke5 45. Rd3
Rf6 46. Rd5+ Ke6 47. Rxg5 Rh6 48. Rg7 h4 49. Rxb7 h3 0-1

[Event "Koege Lang Jubilaeum Weekend Grp4 2022"]
[Site "Koge"]
[Date "2022.07.08"]
[Round "6"]
[White "Haagen Larsen, Hans"]
[Black "Noori, Yusuf"]
[Result "1-0"]
[WhiteElo "1517"]
[BlackElo "1594"]
[PlyCount "85"]
[EventDate "2022.07.06"]
[EventType "swiss"]
[EventRounds "9"]
[EventCountry "DEN"]

1. d4 Nf6 2. Bf4 g6 3. e3 Bg7 4. Nf3 d6 5. h3 O-O 6. Nbd2 Nbd7 7. c3 a6 8. Be2
Re8 9. e4 e5 10. dxe5 dxe5 11. Be3 Qe7 12. Qc2 b6 13. O-O-O Bb7 14. Bc4 b5 15.
Bb3 c5 16. c4 Rac8 17. g4 Nb6 18. Bg5 Rc7 19. h4 h6 20. Bxf6 Bxf6 21. g5 hxg5
22. hxg5 Bg7 23. a4 Rec8 24. axb5 axb5 25. Nf1 Ra8 26. Ne3 Bc8 27. Qe2 Be6 28.
Kc2 Rca7 29. Rd2 bxc4 30. Nxc4 Bxc4 31. Bxc4 Nxc4 32. Qxc4 Ra2 33. Rd5 Qb7 34.
Rb1 R2a4 35. Qd3 Qc7 36. b3 c4 37. bxc4 Rxc4+ 38. Kd1 Rc8 39. Nd2 Rc3 40. Qb5
Qa7 41. Ke2 Qe7 42. Rg1 Qa3 43. Rd7 1-0

[Event "Koege Lang Jubilaeum Weekend Grp4 2022"]
[Site "Koge"]
[Date "2022.07.08"]
[Round "6"]
[White "Christensen, Jonas"]
[Black "Skjoldborg, Lasse Dahl"]
[Result "1-0"]
[WhiteElo "1412"]
[BlackElo "1136"]
[PlyCount "53"]
[EventDate "2022.07.06"]
[EventType "swiss"]
[EventRounds "9"]
[EventCountry "DEN"]

1. e4 e5 2. Nc3 Bc5 3. Nf3 Nc6 4. Bc4 Nf6 5. d3 Na5 6. Nxe5 Nxc4 7. Nxc4 d5 8.
exd5 Nxd5 9. Ne4 Qe7 10. Qe2 Bb6 11. Nxb6 axb6 12. Bg5 f6 13. Bd2 Bf5 14. c4
Bxe4 15. Qxe4 Qxe4+ 16. dxe4 Ne7 17. O-O O-O-O 18. Bc3 Rhg8 19. f3 Ng6 20. g3
h5 21. Rad1 h4 22. Rd5 Rh8 23. Rfd1 Rde8 24. Rd7 hxg3 25. hxg3 Rh7 26. Bxf6
Reh8 27. Rd8+ 1-0

[Event "Koege Lang Jubilaeum Weekend Grp4 2022"]
[Site "Koge"]
[Date "2022.07.08"]
[Round "6"]
[White "Skarved, Mattias"]
[Black "Dyremose, Morten Sigvart"]
[Result "1-0"]
[WhiteElo "1470"]
[BlackElo "1432"]
[PlyCount "105"]
[EventDate "2022.07.06"]
[EventType "swiss"]
[EventRounds "9"]
[EventCountry "DEN"]

1. d4 d5 2. Bf4 Nc6 3. e3 Bf5 4. Nf3 e6 5. Nbd2 Nf6 6. c3 Bd6 7. Bg3 O-O 8. Nh4
Bg6 9. Nxg6 fxg6 10. Bd3 e5 11. dxe5 Nxe5 12. Be2 Qd7 13. Qb3 c6 14. f3 Rae8
15. Bf2 Qc7 16. O-O-O Ned7 17. h3 b6 18. g4 Nc5 19. Qc2 Bg3 20. Bg1 Bd6 21. Nb3
Nxb3+ 22. Qxb3 Nd7 23. Qc2 Re7 24. Kb1 Rfe8 25. Qd2 Bc5 26. Bh2 Bd6 27. Bxd6
Qxd6 28. e4 Qe6 29. Bd3 Nc5 30. Bc2 dxe4 31. b4 Rd7 32. Qh2 Rxd1+ 33. Rxd1 Qe5
34. Qxe5 Rxe5 35. bxc5 e3 36. cxb6 axb6 37. Be4 Re6 38. Re1 Kf8 39. Rxe3 Ke7
40. Kc2 c5 41. Kd3 Kd6 42. c4 Rf6 43. Kc3 Kc7 44. Kb3 Rd6 45. Bd5 Rd7 46. Ka4
Rd6 47. Re7+ Rd7 48. Re6 Rd6 49. Kb5 Rxe6 50. Bxe6 h6 51. f4 h5 52. gxh5 gxh5
53. h4 1-0

[Event "Koege Lang Jubilaeum Weekend Grp4 2022"]
[Site "Koge"]
[Date "2022.07.08"]
[Round "6"]
[White "Stuhr, Finn"]
[Black "Henriksen, Niels Sewerin"]
[Result "1-0"]
[WhiteElo "1679"]
[BlackElo "1325"]
[PlyCount "93"]
[EventDate "2022.07.06"]
[EventType "swiss"]
[EventRounds "9"]
[EventCountry "DEN"]

1. e4 d6 2. d4 Nf6 3. Nc3 e5 4. dxe5 dxe5 5. Qxd8+ Kxd8 6. Bg5 Nbd7 7. O-O-O
Ke8 8. Nb5 Bd6 9. Nf3 Nxe4 10. Bh4 a6 11. Rxd6 cxd6 12. Nc7+ Kf8 13. Nxa8 f6
14. Bd3 Ndc5 15. Re1 Bf5 16. Nd2 Nxd3+ 17. cxd3 Nc5 18. Re3 Nxd3+ 19. Kd1 Nxb2+
20. Ke2 Kf7 21. Rb3 Na4 22. Rxb7+ Kg6 23. Nc7 Nc5 24. Rb6 Rd8 25. f3 Rd7 26.
Nd5 Bd3+ 27. Ke3 Kf7 28. Nb3 Nxb3 29. Kxd3 Nc5+ 30. Kc4 g5 31. Bf2 Ne6 32. Rb8
Kg6 33. Rg8+ Ng7 34. g4 Rf7 35. Rd8 h6 36. Rxd6 Ne8 37. Rxa6 Kg7 38. Rc6 f5 39.
Bg3 f4 40. Bf2 Nf6 41. Nxf6 Rxf6 42. Rxf6 Kxf6 43. a4 Ke6 44. a5 Kd7 45. a6 Kc7
46. a7 Kb7 47. Kd5 1-0

[Event "Koege Lang Jubilaeum Weekend Grp4 2022"]
[Site "Koge"]
[Date "2022.07.09"]
[Round "7"]
[White "Haagen Larsen, Hans"]
[Black "Chaudhury, Anmay Kumar"]
[Result "0-1"]
[WhiteElo "1517"]
[BlackElo "1700"]
[PlyCount "102"]
[EventDate "2022.07.06"]
[EventType "swiss"]
[EventRounds "9"]
[EventCountry "DEN"]

1. b4 e5 2. Bb2 Bxb4 3. Bxe5 Nf6 4. c4 O-O 5. e3 d5 6. Nf3 c5 7. Be2 Nc6 8. Bb2
Be6 9. cxd5 Nxd5 10. O-O Rc8 11. d4 cxd4 12. Nxd4 Nxd4 13. Bxd4 Qa5 14. Qd3
Rfd8 15. a3 Bc3 16. Nxc3 Nxc3 17. Bxc3 Qxc3 18. Qxc3 Rxc3 19. Rfc1 Rdc8 20.
Rxc3 Rxc3 21. a4 a5 22. Bf3 b6 23. h3 g6 24. Kh2 Kf8 25. Kg3 Ke7 26. Be2 Kd6
27. Rb1 Rb3 28. Rd1+ Kc5 29. Rc1+ Kb4 30. Bb5 Rc3 31. Rd1 Bb3 32. Rd6 Bxa4 33.
Bxa4 Kxa4 34. Rxb6 Rb3 35. Ra6 Kb5 36. Ra7 a4 37. Rxf7 a3 38. Ra7 Kb4 39. Kf4
Kc3 40. e4 Kb2 41. e5 a2 42. Kg5 Ra3 43. Rb7+ Kc3 44. Rc7+ Kd4 45. e6 a1=Q 46.
e7 Ra8 47. Kh6 Kd5 48. Rd7+ Ke6 49. Rc7 Re8 50. Kxh7 Rxe7+ 51. Rxe7+ Kxe7 0-1

[Event "Koege Lang Jubilaeum Weekend Grp4 2022"]
[Site "Koge"]
[Date "2022.07.09"]
[Round "7"]
[White "Skarved, Mattias"]
[Black "Meskeniene, Virginija"]
[Result "0-1"]
[WhiteElo "1470"]
[BlackElo "1582"]
[PlyCount "84"]
[EventDate "2022.07.06"]
[EventType "swiss"]
[EventRounds "9"]
[EventCountry "DEN"]

1. d4 Nf6 2. Bf4 g6 3. e3 Bg7 4. Bd3 Nc6 5. Nd2 O-O 6. g4 d6 7. h3 Nd5 8. Bg5
h6 9. Bh4 g5 10. Bg3 Ndb4 11. Be4 d5 12. Bg2 f5 13. a3 Na6 14. b4 Nab8 15. Nb3
a6 16. c3 e6 17. f3 Ne7 18. Nc5 Ng6 19. Qc2 e5 20. Ne2 Nd7 21. Ne6 Qe7 22. Nxf8
Qxf8 23. Qxf5 Qd6 24. Qc2 Qe6 25. O-O-O Nb6 26. Qa2 Nc4 27. Rd3 Bd7 28. f4 e4
29. f5 Qc6 30. Rdd1 Nxe3 31. Bxe4 Ne7 32. Rd3 Nc4 33. Bf3 a5 34. Qb3 axb4 35.
axb4 Ra1+ 36. Kc2 Ra3 37. Qb1 Qa4+ 38. Kc1 Ra1 39. Bxc7 Rxb1+ 40. Kxb1 Qa3 41.
Kc2 Ba4+ 42. Kb1 Qb2# 0-1

[Event "Koege Lang Jubilaeum Weekend Grp4 2022"]
[Site "Koge"]
[Date "2022.07.09"]
[Round "7"]
[White "Meldal, Peter"]
[Black "Tolba, Henri"]
[Result "0-1"]
[WhiteElo "1322"]
[BlackElo "1612"]
[PlyCount "36"]
[EventDate "2022.07.06"]
[EventType "swiss"]
[EventRounds "9"]
[EventCountry "DEN"]

1. e4 e5 2. f4 d5 3. exd5 Qxd5 4. d3 Nc6 5. Nc3 Qe6 6. fxe5 Nxe5 7. Be2 Be7 8.
Bf4 Bd7 9. d4 Ng6 10. Bxc7 Qc6 11. Bg3 Bh4 12. Nf3 Bxg3+ 13. hxg3 Qd6 14. Kf2
Nf6 15. Re1 O-O 16. Nb5 Ng4+ 17. Kg1 Qxg3 18. Rf1 Ne3 0-1

[Event "Koege Lang Jubilaeum Weekend Grp4 2022"]
[Site "Koge"]
[Date "2022.07.09"]
[Round "7"]
[White "Skjoldborg, Lasse Dahl"]
[Black "Noori, Yusuf"]
[Result "0-1"]
[WhiteElo "1136"]
[BlackElo "1594"]
[PlyCount "56"]
[EventDate "2022.07.06"]
[EventType "swiss"]
[EventRounds "9"]
[EventCountry "DEN"]

1. e4 c5 2. Bc4 e6 3. d3 d5 4. Bb5+ Bd7 5. Bxd7+ Qxd7 6. Nd2 Nc6 7. Ngf3 O-O-O
8. O-O Kb8 9. c3 h6 10. a3 dxe4 11. dxe4 g5 12. b4 Bg7 13. Qb3 g4 14. b5 Na5
15. Qa4 Bxc3 16. Rb1 gxf3 17. Nxf3 Nf6 18. Bf4+ Ka8 19. Ne5 Qe7 20. b6 a6 21.
Rfc1 Bxe5 22. Bxe5 Nc6 23. Bc7 Rd4 24. Qc2 Nxe4 25. Re1 Nf6 26. Be5 Nxe5 27.
Rxe5 Rhd8 28. Rxc5 Qxc5 0-1

[Event "Koege Lang Jubilaeum Weekend Grp4 2022"]
[Site "Koge"]
[Date "2022.07.09"]
[Round "7"]
[White "Dyremose, Morten Sigvart"]
[Black "Christensen, Jonas"]
[Result "0-1"]
[WhiteElo "1432"]
[BlackElo "1412"]
[PlyCount "88"]
[EventDate "2022.07.06"]
[EventType "swiss"]
[EventRounds "9"]
[EventCountry "DEN"]

1. e4 c5 2. Nf3 d6 3. d4 cxd4 4. Nxd4 Nf6 5. Nc3 e6 6. Bg5 Be7 7. Bb5+ Bd7 8.
Bxd7+ Nbxd7 9. O-O a6 10. a3 Rc8 11. Qf3 Ne5 12. Qe2 O-O 13. Nf3 Nc4 14. Rab1
h6 15. Bd2 Nxd2 16. Qxd2 Nh7 17. Rfe1 Ng5 18. Nxg5 Bxg5 19. f4 Bf6 20. e5 dxe5
21. Qxd8 Rfxd8 22. fxe5 Bg5 23. Rbd1 Rd2 24. Rxd2 Bxd2 25. Rd1 Bxc3 26. bxc3
Rxc3 27. Kf2 Rxc2+ 28. Kf1 Ra2 29. Rd3 Kh7 30. Rb3 b5 31. h3 Rc2 32. g4 Kg6 33.
Ke1 Kg5 34. Rf3 f6 35. exf6 gxf6 36. Rd3 Rc6 37. Ke2 f5 38. gxf5 exf5 39. Kf3
a5 40. Kg3 b4 41. axb4 axb4 42. h4+ Kf6 43. Kf4 Rc4+ 44. Kg3 Rc3 0-1

[Event "Koege Lang Jubilaeum Weekend Grp4 2022"]
[Site "Koge"]
[Date "2022.07.09"]
[Round "8"]
[White "Christensen, Jonas"]
[Black "Chaudhury, Anmay Kumar"]
[Result "0-1"]
[WhiteElo "1412"]
[BlackElo "1700"]
[PlyCount "76"]
[EventDate "2022.07.06"]
[EventType "swiss"]
[EventRounds "9"]
[EventCountry "DEN"]

1. e4 c5 2. Nf3 d6 3. d4 cxd4 4. Nxd4 Nf6 5. Nc3 a6 6. Be3 e5 7. Nf3 Be7 8. Bc4
Be6 9. Bxe6 fxe6 10. Bg5 Nbd7 11. Qe2 Qc7 12. O-O-O Rc8 13. h4 b5 14. a3 Nb6
15. Rh3 h6 16. Be3 Nc4 17. Rd3 Qa5 18. Bd2 Nxd2 19. Nxd2 Qb6 20. Rhg3 O-O 21.
Rg6 Kh7 22. h5 Rf7 23. Na2 Nd7 24. Rf3 Rxf3 25. Nxf3 Bf6 26. Nb4 a5 27. Na2 b4
28. axb4 axb4 29. b3 Qa5 30. Kb1 Ra8 31. c4 bxc3 32. Qc2 Qa3 33. Rg3 Nc5 34.
Ne1 Nxb3 35. Rxc3 Rb8 36. Nd3 Nd4+ 37. Ndb4 Nxc2 38. Rxa3 Nxa3+ 0-1

[Event "Koege Lang Jubilaeum Weekend Grp4 2022"]
[Site "Koge"]
[Date "2022.07.09"]
[Round "8"]
[White "Meskeniene, Virginija"]
[Black "Haagen Larsen, Hans"]
[Result "1-0"]
[WhiteElo "1582"]
[BlackElo "1517"]
[PlyCount "123"]
[EventDate "2022.07.06"]
[EventType "swiss"]
[EventRounds "9"]
[EventCountry "DEN"]

1. c4 e5 2. e3 Nc6 3. d4 d6 4. Nc3 g6 5. Nf3 Bg7 6. d5 Nce7 7. e4 f5 8. Bg5 Nf6
9. Bd3 f4 10. h4 Bg4 11. Be2 h6 12. Bxf6 Bxf6 13. Nh2 Bxe2 14. Qxe2 Qd7 15. Ng4
Bg7 16. h5 a5 17. f3 g5 18. Nf2 a4 19. Nd3 O-O 20. Rc1 Kh8 21. c5 Rfc8 22. cxd6
cxd6 23. Nb4 Rc5 24. Kf2 Rac8 25. Qd1 a3 26. Qb3 axb2 27. Qxb2 Qc7 28. Ne2 Qb6
29. Rxc5 Rxc5 30. Ke1 Ng8 31. a3 Nf6 32. g4 Qc7 33. Kf2 Nd7 34. Rc1 Nb6 35. Nd3
Rc4 36. Rb1 Na4 37. Qxb7 Nc3 38. Qxc7 Rxc7 39. Rc1 Nb5 40. Rxc7 Nxc7 41. a4 Na6
42. Nc3 Bf8 43. Ke2 Kg7 44. Nb2 Be7 45. Nb5 Kf7 46. Nc4 Ke8 47. Ncxd6+ Kd7 48.
Nf7 Bf8 49. Nxe5+ Kc8 50. d6 Nc5 51. a5 Bg7 52. Nf7 Kd7 53. Nc7 Bf8 54. e5 Kc6
55. a6 Kb6 56. Kd2 Nb3+ 57. Kc3 Nc5 58. Kd4 Nb3+ 59. Kc3 Nc5 60. Kc4 Nd7 61. e6
Bxd6 62. exd7 1-0

[Event "Koege Lang Jubilaeum Weekend Grp4 2022"]
[Site "Koge"]
[Date "2022.07.09"]
[Round "8"]
[White "Dyremose, Morten Sigvart"]
[Black "Tolba, Henri"]
[Result "0-1"]
[WhiteElo "1432"]
[BlackElo "1612"]
[PlyCount "80"]
[EventDate "2022.07.06"]
[EventType "swiss"]
[EventRounds "9"]
[EventCountry "DEN"]

1. e4 c5 2. Nf3 Nc6 3. Bc4 e6 4. Nc3 Nge7 5. d4 cxd4 6. Nxd4 a6 7. O-O Nxd4 8.
Qxd4 Nc6 9. Qd1 b5 10. Be2 Bb7 11. Bf3 Qc7 12. Be3 Be7 13. Qd2 Ne5 14. Be2 O-O
15. Rad1 d6 16. Bf4 f6 17. Bxe5 fxe5 18. f4 exf4 19. Rxf4 Rxf4 20. Qxf4 b4 21.
Nb1 Qxc2 22. Qd2 Bxe4 23. Qxc2 Bxc2 24. Rc1 Bf5 25. Bf3 Rd8 26. Nd2 Bg5 27. Rd1
d5 28. g4 Bg6 29. Nb3 Rc8 30. Re1 Kf7 31. Kg2 Bf6 32. Rd1 Rc2+ 33. Rd2 Rxd2+
34. Nxd2 Bxb2 35. Be2 a5 36. Kg3 Bc2 37. Kf3 Bc3 38. Nb3 a4 39. Nc1 b3 40. axb3
axb3 0-1

[Event "Koege Lang Jubilaeum Weekend Grp4 2022"]
[Site "Koge"]
[Date "2022.07.09"]
[Round "8"]
[White "Noori, Yusuf"]
[Black "Skarved, Mattias"]
[Result "1-0"]
[WhiteElo "1594"]
[BlackElo "1470"]
[PlyCount "131"]
[EventDate "2022.07.06"]
[EventType "swiss"]
[EventRounds "9"]
[EventCountry "DEN"]

1. e4 e5 2. Nf3 Nc6 3. d4 exd4 4. Nxd4 Bc5 5. Nb3 Bb6 6. c4 Qh4 7. Qe2 Nd4 8.
Nxd4 Bxd4 9. g3 Qf6 10. Bg2 Ne7 11. O-O O-O 12. Na3 a6 13. Rb1 c5 14. Kh1 Nc6
15. f4 d6 16. Nc2 Rb8 17. a3 Bd7 18. h3 Rfe8 19. g4 Qe7 20. Ne3 Bxe3 21. Bxe3
f5 22. Bf2 fxe4 23. Rbe1 Qf6 24. Bxe4 Be6 25. f5 Bf7 26. h4 Nd4 27. Qd3 b5 28.
cxb5 axb5 29. g5 Qd8 30. Bxd4 Bc4 31. Qf3 Bxf1 32. Rxf1 cxd4 33. Bd5+ Kh8 34.
Qh5 Re7 35. f6 gxf6 36. gxf6 Re5 37. Qg4 Qf8 38. Qxd4 Rbe8 39. f7 R8e7 40. Rg1
Rxf7 41. Bxf7 Qxf7 42. Qg4 h5 43. Qg3 Re6 44. Kh2 Re2+ 45. Rg2 Rxg2+ 46. Kxg2
Qd5+ 47. Qf3 Qd2+ 48. Qf2 Qxf2+ 49. Kxf2 Kg7 50. b3 Kf6 51. a4 Ke6 52. a5 Kd7
53. b4 Kc6 54. Ke3 d5 55. Kd4 Kd6 56. a6 Kc6 57. a7 Kb7 58. a8=Q+ Kxa8 59. Kxd5
Kb7 60. Kc5 Kc7 61. Kxb5 Kb7 62. Kc5 Kc7 63. Kd5 Kb6 64. Ke5 Kb5 65. Kf5 Kxb4
66. Kg5 1-0

[Event "Koege Lang Jubilaeum Weekend Grp4 2022"]
[Site "Koge"]
[Date "2022.07.09"]
[Round "8"]
[White "Skjoldborg, Lasse Dahl"]
[Black "Meldal, Peter"]
[Result "1-0"]
[WhiteElo "1136"]
[BlackElo "1322"]
[PlyCount "57"]
[EventDate "2022.07.06"]
[EventType "swiss"]
[EventRounds "9"]
[EventCountry "DEN"]

1. e4 e5 2. Nf3 Nc6 3. Bc4 Nf6 4. d3 Bc5 5. Ng5 O-O 6. Nc3 a6 7. Nd5 b5 8. Bb3
Nd4 9. Nxf6+ Qxf6 10. Bxf7+ Rxf7 11. Nxf7 Qxf7 12. c3 Nb3 13. d4 Nxa1 14. dxc5
Qxa2 15. O-O c6 16. f4 Qe6 17. f5 Qc4 18. f6 Qxc5+ 19. Kh1 gxf6 20. Qg4+ Kf7
21. Bh6 d5 22. Qg7+ Ke8 23. Qh8+ Kd7 24. Qxf6 Qe7 25. Qf5+ Kc7 26. Qh5 Kb6 27.
Be3+ c5 28. Qh6+ Qe6 29. Rf6 1-0

[Event "Koege Lang Jubilaeum Weekend Grp4 2022"]
[Site "Koge"]
[Date "2022.07.10"]
[Round "9"]
[White "Stuhr, Finn"]
[Black "Skjoldborg, Lasse Dahl"]
[Result "1-0"]
[WhiteElo "1679"]
[BlackElo "1136"]
[PlyCount "59"]
[EventDate "2022.07.06"]
[EventType "swiss"]
[EventRounds "9"]
[EventCountry "DEN"]

1. e4 e5 2. Nf3 Nc6 3. Bb5 Nf6 4. O-O Nd4 5. Nxd4 exd4 6. d3 a6 7. Ba4 b5 8.
Bb3 d6 9. Re1 Be7 10. Bg5 a5 11. a4 b4 12. Qf3 O-O 13. e5 Bg4 14. Qg3 dxe5 15.
Bxf6 Bxf6 16. Qxg4 Ra6 17. Nd2 Bg5 18. Ne4 Bh6 19. Ng3 Rg6 20. Qe4 Bf4 21. Nh5
Bh6 22. Qf3 Rg5 23. Re4 g6 24. Nf6+ Kh8 25. Rh4 Rf5 26. Rxh6 Rxf6 27. Qh3 g5
28. Rxh7+ Kg8 29. Rh8+ Kg7 30. Qh7# 1-0

[Event "Koege Lang Jubilaeum Weekend Grp4 2022"]
[Site "Koge"]
[Date "2022.07.10"]
[Round "9"]
[White "Haagen Larsen, Hans"]
[Black "Tolba, Henri"]
[Result "1-0"]
[WhiteElo "1517"]
[BlackElo "1612"]
[PlyCount "94"]
[EventDate "2022.07.06"]
[EventType "swiss"]
[EventRounds "9"]
[EventCountry "DEN"]

1. b4 d5 2. Bb2 Nf6 3. e3 Nbd7 4. Nf3 a5 5. b5 b6 6. a4 Bb7 7. d4 Ne4 8. Nbd2
Ndf6 9. Bd3 Bc8 10. Ne5 Nxd2 11. Qxd2 Ng4 12. Nc6 Qd6 13. h3 Nf6 14. Ba3 Qe6
15. Ne5 Nd7 16. f4 Nxe5 17. fxe5 f6 18. exf6 gxf6 19. O-O Qg8 20. Rf3 Bd7 21.
e4 h5 22. e5 fxe5 23. dxe5 O-O-O 24. Qe2 Be6 25. Bc1 Bh6 26. Bxh6 Rxh6 27. Rc1
Qg5 28. Rcf1 Rhh8 29. Bf5 Rh6 30. c4 dxc4 31. Qe4 Kb8 32. Bxe6 Rxe6 33. Rf5 Qd2
34. R1f2 Qd3 35. Qxd3 cxd3 36. Rd2 h4 37. Kf2 Rd5 38. Kf3 Rd4 39. Rf4 Rd5 40.
Rxh4 Rexe5 41. Rf4 Kc8 42. g4 Re1 43. h4 e5 44. Rc4 Kd7 45. h5 Rf1+ 46. Kg2 Rf4
47. h6 Rxc4 1-0

[Event "Koege Lang Jubilaeum Weekend Grp4 2022"]
[Site "Koge"]
[Date "2022.07.10"]
[Round "9"]
[White "Dyremose, Morten Sigvart"]
[Black "Noori, Yusuf"]
[Result "1/2-1/2"]
[WhiteElo "1432"]
[BlackElo "1594"]
[PlyCount "63"]
[EventDate "2022.07.06"]
[EventType "swiss"]
[EventRounds "9"]
[EventCountry "DEN"]

1. e4 c5 2. Nf3 e6 3. Nc3 d5 4. exd5 exd5 5. d4 Nc6 6. dxc5 d4 7. Nb5 Bxc5 8.
c3 Bg4 9. Nbxd4 Bxf3 10. Nxf3 Bxf2+ 11. Ke2 Qxd1+ 12. Kxd1 O-O-O+ 13. Kc2 Nge7
14. Bc4 Rhf8 15. Rf1 Bb6 16. Bf4 Nd5 17. Bxd5 Rxd5 18. Rad1 Rxd1 19. Rxd1 f6
20. Bg3 Rd8 21. Rxd8+ Kxd8 22. b3 Ke7 23. Kd3 Ke6 24. Bf4 Kf5 25. Bg3 Ne5+ 26.
Ke2 Ke4 27. Nd2+ Kd5 28. c4+ Ke6 29. Nf3 Nxf3 30. Kxf3 Kf5 31. Be1 h5 32. h3
1/2-1/2

[Event "Koege Lang Jubilaeum Weekend Grp4 2022"]
[Site "Koge"]
[Date "2022.07.10"]
[Round "9"]
[White "Henriksen, Niels Sewerin"]
[Black "Christensen, Jonas"]
[Result "0-1"]
[WhiteElo "1325"]
[BlackElo "1412"]
[PlyCount "94"]
[EventDate "2022.07.06"]
[EventType "swiss"]
[EventRounds "9"]
[EventCountry "DEN"]

1. c4 c5 2. Nc3 Nf6 3. g3 e6 4. Bg2 d5 5. cxd5 exd5 6. e3 Nc6 7. Nge2 Bf5 8. d4
cxd4 9. exd4 Bb4 10. O-O O-O 11. a3 Ba5 12. Bg5 Bxc3 13. Nxc3 Be6 14. Re1 Rc8
15. Rc1 h6 16. Be3 Na5 17. Nb5 Qb6 18. Qd3 a6 19. Nc3 Qxb2 20. Ne2 Qb3 21. Qxb3
Nxb3 22. Rxc8 Rxc8 23. Rb1 Na5 24. Nf4 Bf5 25. Rc1 Rxc1+ 26. Bxc1 Be4 27. f3
Bh7 28. Kf2 Nc4 29. Ne2 a5 30. Nc3 g5 31. Ke2 g4 32. fxg4 Be4 33. Nxe4 dxe4 34.
g5 hxg5 35. Bxg5 Nh7 36. Bc1 f5 37. d5 Nf6 38. h4 Nxd5 39. h5 Nf6 40. h6 Kh7
41. Bh3 Ng4 42. Bxg4 fxg4 43. Kf2 b5 44. Ke2 b4 45. axb4 axb4 46. Bf4 b3 47.
Kd1 e3 0-1

[Event "Koege Lang Jubilaeum Weekend Grp4 2022"]
[Site "Koge"]
[Date "2022.07.10"]
[Round "9"]
[White "Skarved, Mattias"]
[Black "Meldal, Peter"]
[Result "0-1"]
[WhiteElo "1470"]
[BlackElo "1322"]
[PlyCount "74"]
[EventDate "2022.07.06"]
[EventType "swiss"]
[EventRounds "9"]
[EventCountry "DEN"]

1. d4 Nf6 2. Bf4 e6 3. e3 Bb4+ 4. c3 Be7 5. Bd3 O-O 6. Nf3 c5 7. Nbd2 b6 8. Ne4
Nxe4 9. Bxe4 d5 10. Bd3 c4 11. Be2 b5 12. b4 a5 13. a3 Bb7 14. O-O Nd7 15. Nd2
Bf6 16. f3 e5 17. Bg3 exd4 18. exd4 Bg5 19. f4 Bf6 20. Nf3 Qe7 21. Re1 Qe3+ 22.
Kh1 Qxc3 23. Bf1 axb4 24. axb4 Rxa1 25. Qxa1 Qxb4 26. Rb1 Qd6 27. Rxb5 Qc6 28.
Qa5 Ra8 29. Qb4 Ba6 30. Ra5 Rb8 31. Qc3 Rb3 32. Qc2 g6 33. Rxa6 Qxa6 34. Qxb3
Qa1 35. Qb7 Qxf1+ 36. Ng1 Bxd4 37. Bf2 Bxf2 0-1